Gilmore Girls - Statistics

General Stats
  • This quiz has been taken 5,932 times
  • The average score is 13 of 15
Answer Stats
Answer % Correct
Rory's first kiss dean
99%
How old was Lorelai when she had Rory? 16
98%
How many seasons are there? 7
97%
Luke's nephew Jess
97%
University Rory attends Yale
97%
Rory's best friend lane
96%
Lorelai's mother Emily
94%
Rory's father christopher
93%
Lorelai's father Richard
93%
Private school Rory attends Chilton
92%
Proposes to Rory Logan
90%
Lorelai's bestriend (opened inn together) Sookie
89%
How old is Rory in the revival? 32
82%
Why does Jess show up to Friday night dinner with a black eye? attacked by a swan
66%
What does Rory tell her mom at the end of the revival? I'm pregnant
64%
No matching quizzes found
Score Distribution
Percent of People with Each Score
Percentile by Number Answered
Your Score History
You have not taken this quiz